SPOTREBA ČASU V CHOVE NOSNÍC NA HLBOKEJ PODSTIELKE V POROVNANÍ S NOVÝMI TECHNOLÓGIAMI CHOVU NOSNÍC

Bibliographic Details
Main Author: Kuča, Štefan (Author)
Other Authors: Nichta, Ján (Translator)
Format: Article
Language:Slovak

MARC

LEADER 00000nab a2200000uu 4500
001 vtls011156138
003 SK-MaSNL
005 20260303121616.0
008 230131|1972 xo |||||||||||||||||slo|
015 |a SNBRB 
035 |a (urnnbn)urn:nbn:sk:snk:ar-a0a9nw 
035 |a (uuid)c911dc81-7a8c-4118-b010-52d264b53ee9 
035 |a urn:nbn:sk:snk-abb4hn 
040 |a SNKBUCL  |b slo  |c SNKBUCL  |e AACR2 
041 0 |a slo 
044 |a xo  |c SK 
100 1 |a Kuča, Štefan  |4 aut  |9 377139 
245 1 0 |a SPOTREBA ČASU V CHOVE NOSNÍC NA HLBOKEJ PODSTIELKE V POROVNANÍ S NOVÝMI TECHNOLÓGIAMI CHOVU NOSNÍC  |c Štefan Kuča, Ján Nichta 
246 3 |a TIME CONSUMPTION IN THE BREEDING OF EGG LAYING HENS ON DEEP LITTER IN CONTRAST TO NEW TECHNOLOGIES OF THE BREEDING OF EGG LAYING HENS 
700 1 |a Nichta, Ján  |4 trl  |9 46003 
773 0 |t Poľnohospodárstvo : časopis pre poľnohospodárske vedy  |g Roč. 18, č. 12 (1972), s. 1119-1131 
954 |a odborná, vedecká literatúra pôvodná (slovenská)  |2 lita 
958 |a OND 
958 |a EUIPO 
958 |a article14 
999 |c 1916639  |d 1918569